| 000 | 00000nam##2200000za#4500 |
| 001 | 9.615844 |
| 003 | CaOODSP |
| 005 | 20210615101319 |
| 007 | ta |
| 008 | 150406|2001||||xxc||||| f|0| 0 eng|d |
| 020 | |a0-662-31453-0 |
| 040 | |aCaOODSP|beng |
| 043 | |an-cn--- |
| 086 | 1 |aH113-12/2001-1E |
| 110 | 1 |aCanada. |bPest Management Regulatory Agency. |
| 245 | 10|aDi-n-propyl isocinchomeronate (MGK Repellent 326) |
| 260 | |aOttawa - Ontario : |bHealth Canada. |c2001. |
| 300 | |a3p. : |btables ; |c28 cm. |
| 490 | 1 |aRe-evaluation decision document |vRRD 2001-01 |
| 563 | |aSoftcover |
| 590 | |a02-02|b2002-01-11 |
| 690 | 07|aPesticides|2gcpds |
| 690 | 07|aRegulations|2gcpds |
| 775 | 08|tIsocinchoméronate de di-n-propyle (MGK Repellent 326) |w(CaOODSP)9.625853 |
| 776 | 0#|tDi-n-propyl isocinchomeronate (MGK Repellent 326) |w(CaOODSP)9.558028 |
| 830 | #0|aRe-evaluation decision document ;|vRRD 2001-01|w(CaOODSP)9.514693 |